Подробности
| 000 -МАРКЕР |
| контрольное поле |
01389nam0a22002771 4500 |
| 001 - ИДЕНТИФИКАТОР ЗАПИСИ |
| контрольное поле |
rc\2812140 |
| 005 - ИДЕНТИФИКАТОР ВЕРСИИ |
| контрольное поле |
20260406171037.0 |
| 035 ## - ДРУГИЕ СИСТЕМНЫЕ НОМЕРА |
| Идентификатор записи |
(NLR Aleph) 006937969 |
| 100 ## - ДАННЫЕ ОБЩЕЙ ОБРАБОТКИ |
| Данные общей обработки |
20110915d1944 u y0rusy50 ca |
| 101 0# - ЯЗЫК РЕСУРСА |
| Язык текста, звукозаписи и т.д. |
русский |
| 102 ## - СТРАНА ПУБЛИКАЦИИ ИЛИ ПРОИЗВОДСТВА |
| Страна публикации |
Российская Федерация |
| 105 ## - ПОЛЕ КОДИРОВАННЫХ ДАННЫХ: ТЕКСТОВЫЕ МАТЕРИАЛЫ, МОНОГРАФИЧЕСКИЕ |
| Кодированные данные о монографическом текстовом документе |
y z ||||| |
| 200 1# - ЗАГЛАВИЕ И СВЕДЕНИЯ ОБ ОТВЕТСТВЕННОСТИ |
| Основное заглавие |
Финансовое планирование и анализ работы шахты-новостройки Наркомугля |
| Сведения, относящиеся к заглавию |
(Практ. пособие) |
| Первые сведения об ответственности |
Сост. нач. Фин. отдела Главшахтостроя Наркомугля СССР С. Р. Кронгауз под руководством и ред. гл. бухгалтера Наркомугля СССР А. Д. Сибарова |
| Последующие сведения об ответственности |
Нар. ком. угол. пром. СССР, Центр. бухгалтерия |
| 210 ## - ПУБЛИКАЦИЯ, РАСПРОСТРАНЕНИЕ И ДР. |
| Место издания, распространения и т.д. |
[Москва] |
| Имя издателя, распространителя и т. д. |
Гостоптехиздат |
| Дата издания, распространения и т.д. |
1944 |
| 215 ## - ФИЗИЧЕСКАЯ ХАРАКТЕРИСТИКА |
| Специфическое обозначение материала и объем |
76 с. |
| Размеры |
22 см. |
| 702 #1 - ИМЯ ЛИЦА - ВТОРИЧНАЯ ОТВЕТСТВЕННОСТЬ |
| Начальный элемент ввода |
Сибаров |
| Часть имени, кроме начального элемента ввода |
А.Д. |
| Код отношения |
Редактор |
| 702 #1 - ИМЯ ЛИЦА - ВТОРИЧНАЯ ОТВЕТСТВЕННОСТЬ |
| Начальный элемент ввода |
Кронгауэ |
| Часть имени, кроме начального элемента ввода |
С.Р. |
| Расширение инициалов личного имени |
Самуил Рафалович |
| Код отношения |
Составитель |
| 710 01 - НАИМЕНОВАНИЕ ОРГАНИЗАЦИИ - ПЕРВИЧНАЯ ОТВЕТСТВЕННОСТЬ |
| Начальный элемент ввода |
СССР |
| Структурное подразделение |
Народный комиссариат угольной промышленности |
| Идентификатор авторитетной/нормативной записи |
RU\NLR\AUTH\889938452 |
| Системный номер авторитетной/нормативной записи |
371749 |
| 801 #0 - ИСТОЧНИК ЗАПИСИ |
| Страна |
Российская Федерация |
| Организация |
NLR |
| Правила каталогизации |
psbo |
| 801 #1 - ИСТОЧНИК ЗАПИСИ |
| Страна |
Российская Федерация |
| Организация |
ELAR |
| Источник данных |
rusmarc |
| 852 ## - МЕСТОНАХОЖДЕНИЕ И ШИФР ХРАНЕНИЯ |
| Идентификатор организации |
NLR |
| Шифр хранения (Call Number) |
Эк40 Г-6/95 |
| 942 ## - ДОПОЛНИТЕЛЬНЫЕ ЭЛЕМЕНТЫ ЗАПИСИ (АБИС) |
| Тип экземпляра АБИС |
Книга |
| 945 ## - Информацию об издании предоставили: |
| Полное название организации, предоставившей материал |
Российская национальная библиотека |
| 980 ## - КОЛЛЕКЦИЯ |
| Название коллекции |
Национальная библиография |
| 980 ## - КОЛЛЕКЦИЯ |
| Название коллекции |
Библиография Победы |